Direito Sumular STF

Detalles Bibliográficos
Autor principal: Saldanha Villar, Alice
Formato: eBook
Lenguaje:portugués
Publicado: San Pablo: JH Mizuno, 2017
Materias:
Acceso en línea:Acceso restringido

MARC

LEADER 00000nam a22000007a 4500
005 20180305234535.0
007 cr|||| ||||
008 180305s2017 br |||||s|||| 00||0 por d
020 |a 978-85-7789-308-9 
035 |a 21044 
040 |a vLex 
090 |c 7447  |d 7447 
100 1 |a Saldanha Villar, Alice 
245 1 0 |a Direito Sumular STF  |h [Recurso electrn̤ico] /  |c Alice Saldanha Villar 
256 |a Servicio en ln̕ea 
260 |a San Pablo:  |b JH Mizuno,  |c 2017 
300 |a 1 recurso electrn̤ico 
506 1 |a Disponible solo en los productos indicados  |d vLex Global  |d vLex Global (Academic Edition, excluding Law Schools)  |d vLex Global (U.S. Academic Edition, Law Schools)  |d vLex Global (U.S. Academic Edition, excluding Law Schools)  |d vLex Global (Academic Edition, Law Schools) 
650 0 4 |a Derecho Civil  |z Brasil 
650 0 4 |a Derecho Mercantil y de la Empresa  |z Brasil 
650 0 4 |a Derecho Laboral y Seguridad Social  |z Brasil 
650 0 4 |a Derecho Fiscal  |z Brasil 
650 0 4 |a Derecho Pb︢lico y Administrativo  |z Brasil 
650 0 4 |a Derecho Constitucional  |z Brasil 
650 0 4 |a Derecho Penal  |z Brasil 
740 0 |a vLex Libros (Servicio en ln̕ea) 
856 4 0 |u http://vlex.com/source/direito-sumular-stf-21044  |z Acceso restringido 
942 |c BOOK 
999 0 |a Civil Law 
999 0 |a Business and Company Law 
999 0 |a Labor Law and Social Security 
999 0 |a Tax Law 
999 0 |a Public and Administrative Law 
999 0 |a Constitutional Law 
999 0 |a Criminal Law